| 000 | 00672nam a2200229Ia 4500 | ||
|---|---|---|---|
| 003 | OSt | ||
| 005 | 20230612104529.0 | ||
| 008 | 210423s2017 xx 000 0 und d | ||
| 020 | _a978-93-83866-48-9 | ||
| 040 | _cAL | ||
| 041 | _aeng | ||
| 082 |
_a657.46 _223 _bMEHI |
||
| 100 |
_aMEHROTRA (H C);GOYAL (S P) _975571 |
||
| 245 | _aIncome tax: including tax planning and management 2017-18 Ed 38 | ||
| 250 | _a38 | ||
| 260 |
_aAgra _bSahitya Bhawan Publications _c2017 |
||
| 300 |
_aiv,867,159,xvi _bPB |
||
| 365 |
_b750 _cINR |
||
| 650 |
_aIncome Tax _975572 |
||
| 906 | _a2017-18 ; 38 ; including ; Income ; management ; planning ; tax ; tax: | ||
| 942 |
_2ddc _cBK |
||
| 999 |
_c168523 _d168523 |
||